Can Vilar i el sot de Can Montasell /
Descripción Física:
1 fulletó desplegable : il·lustracions ; 42 x 30 cm
Colección:
Itineraris senyalitzats
; SL-C 77
Materias:
Parc del Montnegre i el Corredor (Catalunya) -- Guies
; Parc del Montnegre i el Corredor (Catalunya) -- Circuits turístics
; Montnegre (Catalunya : Massís)
Idioma:
Catalán
MARC
| LEADER | 00000nam a2200000 a 4500 | ||
|---|---|---|---|
| 001 | 25372 | ||
| 003 | Arxiu | ||
| 005 | 20260324181103.0 | ||
| 008 | 220502s2020 spc||||| ||||s00| 0 cat c | ||
| 017 | |a DL B 12632-2020 | ||
| 040 | |a AGDB | ||
| 080 | |a FU-68-41 | ||
| 110 | 2 | |9 10204 |a Parc del Montnegre i el Corredor (Catalunya) | |
| 245 | 1 | 0 | |a Can Vilar i el sot de Can Montasell / |c Parc del Montnegre i el Corredor |
| 260 | |a Barcelona : |b Diputació de Barcelona. Xarxa de Parcs Naturals, |c 2020 | ||
| 300 | |a 1 fulletó desplegable : |b il·lustracions ; |c 42 x 30 cm | ||
| 490 | 1 | |a Itineraris senyalitzats ; |v SL-C 77 | |
| 610 | 0 | |a Parc del Montnegre i el Corredor (Catalunya) |v Guies |9 52679 | |
| 610 | 1 | 0 | |9 52714 |a Parc del Montnegre i el Corredor (Catalunya) |x Circuits turístics |
| 651 | 0 | |a Montnegre (Catalunya : Massís) |9 51015 | |
| 710 | 1 | |a Barcelona (Catalunya : Província). |b Xarxa de Parcs Naturals |9 7250 | |
| 830 | 0 | |a Itineraris senyalitzats |v SL-C 77 |9 55975 | |
| 942 | |2 udc |n 1 |c ARXIU | ||
| 952 | |0 0 |1 0 |4 0 |6 FU6841 |7 1 |9 61449 |a Arxiu |b Arxiu |d 2022-05-02 |l 0 |o FU-68-41 |p 25372 |r 2022-05-02 00:00:00 |w 2022-05-02 |y ARXIU | ||
| 999 | |c 81402 |d 81402 | ||